000 00308nam a22001457a 4500
008 210125b ||||| |||| 00| 0 eng d
020 _a9789951273053
041 _aeng
080 _271
_a71
082 _271
100 _a0
101 _aGJL
245 _aMargaritare fjalesh
_cMezini,M
942 _2udc
_cBK
999 _c55093
_d55093